000 00870cab a22001935a 4500
001 L147114
008 090402e20090312xxkdo f s 000 0 eng d
035 _a(Sirsi) u147114
041 0 _aeng
100 1 _aHansford, Mark
245 0 0 _aGreen pioneers
260 _c2009
490 0 _aNew Civil Engineer
_v12 March 2009, 34-35(2)
520 _aReviews the development of green energy technology in Yorkshire and Humberside. Regional development agency Yorkshire Forward is driving the progress in this area; the most recent project is seeing Powerfuel Power's Hatfield site shortlisted as a potential candidate for a proposed carbon capture and storage demonstration project funded with European Union money. Tables.
590 _aKA
651 4 _aYorkshire
_y1888-
690 _aENVIRONMENT AND LAND CONSULTANCY-SUSTAINABILITY-SUSTAINABLE DEVELOPMENT
942 _n0
999 _c81389
_d81389